00965nam a2200217 i 450000100060000000300090000600500170001500700030003200800410003510000500007624502930012626000600041930000210047950000830050065000130058370000360059671000400063285200250067285200240069785200260072146567ES-MaACL20251011063105.0t|030409s1887 sp ||||1| spa d1 aCospedal Tomé, Antonio María, d1855-194910aDiscursos leídos en la sesión inaugural del año académico de 1886-87 de la Sociedad Ginecológica Española verificada el día 2 de febrero de 1887 / cpor los doctores D. Antonio María Cospedal Tomé, secretario general, y D. Ramón García Baeza y Frau, socio numerario. aMadrid : b[s.n.], c1887 (fImp. de F. Maroto e Hijos) a96 p. ; c24 cm. aTema del discurso de R. García Baeza y Frau: "La sordo-mudez en la infancia" 4aSordera.1 aGarcía Baeza y Frau, Ramón.2 aSociedad Ginecológica Española. aES-MaACLjT-452-F-10 aES-MaACLjT-682-F-8 aES-MaACLjFol-Laf-129